Educational Sociology/ (Record no. 199767)
[ view plain ]
| 000 -LEADER | |
|---|---|
| fixed length control field | 00866nam a22002537a 4500 |
| 005 - DATE AND TIME OF LATEST TRANSACTION | |
| control field | 20240628105129.0 |
| 010 ## - LCCN (DPL NO) | |
| LC control number | ENG-138705 ENG-138762 |
| 020 ## - INTERNATIONAL STANDARD BOOK NUMBER | |
| International Standard Book Number | 9789390897216 |
| Terms of availability | 395.00 |
| 020 ## - INTERNATIONAL STANDARD BOOK NUMBER | |
| International Standard Book Number | 9789390897001 |
| Terms of availability | 995.00 |
| 020 ## - INTERNATIONAL STANDARD BOOK NUMBER | |
| International Standard Book Number | 9789390897292 |
| Terms of availability | 1295.00 |
| 035 ## - SYSTEM CONTROL NUMBER | |
| System control number | B-747395-400 EN-122237 |
| 035 ## - SYSTEM CONTROL NUMBER | |
| System control number | EN-122294 |
| 037 ## - SOURCE OF ACQUISITION | |
| Source of stock number/acquisition | DBAD/PUB |
| 082 ## - DEWEY DECIMAL CLASSIFICATION NUMBER | |
| Classification number | 370 |
| 100 ## - MAIN ENTRY--PERSONAL NAME | |
| Personal name | Dansana, Ashok |
| 245 ## - TITLE STATEMENT | |
| Title | Educational Sociology/ |
| Statement of responsibility, etc | By Ashok Dansana; Sraban Kumar Bag and Farzana Shehla |
| 260 ## - PUBLICATION, DISTRIBUTION, ETC. (IMPRINT) | |
| Place of publication, distribution, etc | New Delhi |
| Name of publisher, distributor, etc | Neelkamal Publications |
| Date of publication, distribution, etc | 2021 |
| 270 ## - ADDRESS | |
| Address | 4764/1, 23, Ansari Road, Daryaganj, |
| City | New Delhi |
| Postal code | 110002 |
| Telephone number | 011-23244237 |
| -- | 9811828953 |
| 300 ## - PHYSICAL DESCRIPTION | |
| Extent | xii,208p. |
| Dimensions | 24cm(pbk) |
| 300 ## - PHYSICAL DESCRIPTION | |
| Extent | xii,208p. |
| Dimensions | 25cm(Hbk) |
| 700 ## - ADDED ENTRY--PERSONAL NAME | |
| Personal name | Bag, Sraban Kumar |
| Relator term | Author |
| 9 (RLIN) | 60140 |
| 700 ## - ADDED ENTRY--PERSONAL NAME | |
| Personal name | Shehla, Farzana |
| Relator term | Author |
| 9 (RLIN) | 60141 |
| 942 ## - ADDED ENTRY ELEMENTS (KOHA) | |
| Source of classification or shelving scheme | Dewey Decimal Classification |
| Item type | English Books |
| Classification part | 370.193 |
| Call number suffix | DAN |
| Withdrawn status | Lost status | Not for loan | Collection code | Home library | Current library | Date acquired | Source of acquisition | Cost, normal purchase price | Full call number | Barcode | Copy number | Cost, replacement price | Koha item type |
|---|---|---|---|---|---|---|---|---|---|---|---|---|---|
| Non-fiction | Ashok Vihar | Ashok Vihar | 26/12/2023 | DBAD | 995.00 | 370.193 DAN | EN-122294 | 1 | 995.00 | English Books | |||
| Non-fiction | Central Library | Central Library | 21/12/2023 | DBAD | 300.00 | 370.193 DAN | EN-122237 | 1 | 300.00 | English Books |
